000 00652nam a22002057a 4500
005 20241028151718.0
010 _aENG-142505
020 _c100.00
_a9789394830226
035 _aEN-126037
037 _bDBAD/PUB
082 _a330.954
100 _aKallol Roy
_973572
245 _aChallenges with Indian Economy/
_cby Kallol Roy
250 _a1
260 _aWest Bengal
_bKamlesh Nanda on Behalf of Kabitika
_c2022
270 _bWest Bengal
_aKharagpur, Midnapore, West Bengal
_e700107
_k9832130048
_mkabitika10@gmail.com
300 _a88p.
_c21cm(pbk)
700 _aRohit Sharma
_eAuthor
_973551
942 _2ddc
_cEN
_h330.954
_mROY
999 _c206816
_d206816